Vad heter konstnären? Svenska 1800-talsmålningar - Statistics

General Stats
  • This quiz has been taken 30 times
  • The average score is 3 of 12
Answer Stats
Picture Hint Answer % Correct
Vårt dagliga bröd Anders Zorn
94%
Kräftfångst Carl Larsson
94%
Grindslanten August Malmström
22%
Karl XII:s likfärd Gustaf Cederström
17%
Valdemar Atterdag brandskattar Visby Carl Gustaf Hellqvist
11%
Gustav Vasa och Tomt Margit Johan Fredrik Höckert
11%
Vattenfall i Småland Marcus Larson
11%
Tors strid med jättarna Mårten Eskil Winge
11%
Ängsälvor Nils Blommér
11%
Riddaren och jungfrun Richard Bergh
11%
Gustav II Adolfs död i slaget vid Lützen Carl Wahlbom
6%
Erik XIV och Karin Månsdotter Georg von Rosen
6%
No matching quizzes found
Score Distribution
Percent of People with Each Score
Percentile by Number Answered
Your Score History
You have not taken this quiz